[Event "Junior Online 4NCL Division 4"]
[Site "online"]
[Date "2020.10.15"]
[Round "5.154"]
[White "Kohli, Aryan"]
[Black "Pandey, Annie"]
[Result "1-0"]
[WhiteElo "1075"]
[BlackElo "100"]
[PlyCount "75"]
[EventDate "2020.10.15"]
[WhiteTeam "The Hall 2"]
[BlackTeam "East Kilbride Elephants"]

1. d4 d5 2. Bf4 Nf6 3. e3 Nc6 4. c3 Bf5 5. Bd3 Qd7 6. Bxf5 Qxf5 7. Bxc7 g6 8.
Nf3 Qc8 9. Bf4 e5 10. dxe5 Ne4 11. Nbd2 Be7 12. Nxe4 dxe4 13. Nd4 Nxe5 14. Bxe5
Bh4 15. Bxh8 Qb8 16. O-O Kf8 17. Nb5 Kg8 18. Qd7 Kxh8 19. Nc7 Bf6 20. Nxa8 Qxa8
21. Rfd1 Qb8 22. Qxf7 Be5 23. g3 Qg8 24. Qe7 Bxc3 25. bxc3 b5 26. Rd8 Qxd8 27.
Qxd8+ Kg7 28. Qd6 a5 29. Rd1 b4 30. Qa6 bxc3 31. Rd7+ Kh6 32. Rc7 c2 33. Rxc2
Kg5 34. Qxa5+ Kg4 35. h3+ Kxh3 36. Rc7 h5 37. Qg5 h4 38. Qxh4# 1-0

[Event "Junior Online 4NCL Division 4"]
[Site "online"]
[Date "2020.10.15"]
[Round "5.155"]
[White "Patel, Aadi"]
[Black "Vinodh, Sampriti"]
[Result "1-0"]
[WhiteElo "1292"]
[BlackElo "103"]
[PlyCount "53"]
[EventDate "2020.10.15"]
[WhiteTeam "The Hall 2"]
[BlackTeam "East Kilbride Elephants"]

1. e4 e5 2. Nf3 Nc6 3. d4 exd4 4. Bc4 Bb4+ 5. Bd2 Bxd2+ 6. Qxd2 d6 7. Nxd4 Nxd4
8. Qxd4 Nf6 9. Nc3 Bg4 10. f3 Be6 11. Bd3 c5 12. Qe3 O-O 13. O-O Qe7 14. f4 Bg4
15. h3 Bf5 16. Qf3 Bd7 17. f5 Ne8 18. Qg3 g6 19. fxg6 fxg6 20. Rxf8+ Qxf8 21.
Bc4+ Kh8 22. Rf1 Qg7 23. Rf7 Qd4+ 24. Qf2 Qxc4 25. Rxd7 Qxa2 26. Nxa2 Rc8 27.
Qf8# 1-0

[Event "Junior Online 4NCL Division 4"]
[Site "online"]
[Date "2020.10.15"]
[Round "5.158"]
[White "Pandey, Annie"]
[Black "Kohli, Aryan"]
[Result "1/2-1/2"]
[WhiteElo "100"]
[BlackElo "1075"]
[PlyCount "104"]
[EventDate "2020.10.15"]
[WhiteTeam "East Kilbride Elephants"]
[BlackTeam "The Hall 2"]

1. e4 c5 2. d4 Qa5+ 3. Bd2 Qb6 4. Na3 cxd4 5. Nc4 Qd8 6. Nf3 Nc6 7. Ng5 e6 8.
Be2 Be7 9. Ne5 Nxe5 10. Bf4 Bxg5 11. Bxe5 Nf6 12. Bxd4 Nxe4 13. Bxg7 Rg8 14.
Be5 Bf6 15. Bf4 Bxb2 16. Rb1 Bc3+ 17. Bd2 Bxd2+ 18. Kf1 Qf6 19. Bf3 Nc3 20.
Qxd2 Nxb1 21. Qe1 Qb2 22. Ke2 Rg5 23. Qxb1 Re5+ 24. Kd2 Qxb1 25. Rxb1 Ra5 26.
Kc3 Rxa2 27. Kb3 Ra6 28. Be2 Rb6+ 29. Ka2 Rxb1 30. Kxb1 d5 31. Bh5 Bd7 32. g4
Rc8 33. f4 Rc4 34. Kb2 Rxf4 35. h3 e5 36. Kb3 e4 37. c3 e3 38. g5 Bxh3 39. Kc2
Bg4 40. Kd3 Bxh5 41. Kxe3 Re4+ 42. Kd3 Re5 43. Kd4 Rxg5 44. Kc5 f5 45. Kxd5 f4+
46. Kd4 f3 47. Ke3 Rf5 48. c4 f2 49. Ke4 f1=Q 50. Ke3 Qxc4 51. Kd2 Rf3 52. Ke1
Qc2 1/2-1/2

[Event "Junior Online 4NCL Division 4"]
[Site "online"]
[Date "2020.10.15"]
[Round "5.163"]
[White "Bahl, Arkin"]
[Black "Patel, Amya Hetal"]
[Result "0-1"]
[WhiteElo "1022"]
[BlackElo "1247"]
[PlyCount "78"]
[EventDate "2020.10.15"]
[WhiteTeam "The Hall 3"]
[BlackTeam "May The Fork Be With You 4"]

1. e4 e6 2. Nf3 d5 3. e5 c5 4. Nc3 Nc6 5. d3 Qb6 6. Ng5 Be7 7. Be2 Bxg5 8. Bxg5
Qxb2 9. Na4 Qb4+ 10. Kf1 Qxa4 11. Bd2 Qb5 12. d4 cxd4 13. Bxb5 a6 14. Bxc6+
bxc6 15. Ba5 Ne7 16. Qh5 O-O 17. Rd1 Ng6 18. Rd3 Nf4 19. Rxd4 Nxh5 20. Rh4 g6
21. Bd2 Ng7 22. Bh6 Nf5 23. Bxf8 Nxh4 24. g3 Nf3 25. Ba3 Nxe5 26. Bb2 Nc4 27.
Bd4 a5 28. Bc5 Ba6 29. Kg2 Rb8 30. Rc1 Rb2 31. c3 Rxa2 32. Rb1 Nd2 33. Rb8+ Kg7
34. Bd4+ Kh6 35. Be3+ g5 36. Rh8 Bf1+ 37. Kg1 Ra1 38. Bxg5+ Kxg5 39. Rg8+ Kh6
0-1

[Event "Junior Online 4NCL Division 4"]
[Site "online"]
[Date "2020.10.15"]
[Round "5.164"]
[White "Datta, Ishan"]
[Black "Litvin, Theo"]
[Result "0-1"]
[WhiteElo "1165"]
[BlackElo "760"]
[PlyCount "50"]
[EventDate "2020.10.15"]
[WhiteTeam "May The Fork Be With You 4"]
[BlackTeam "The Hall 3"]

1. d4 d5 2. c4 dxc4 3. e4 Nc6 4. Nf3 Bg4 5. Bxc4 Bxf3 6. Qxf3 Nf6 7. Be3 Nxd4
8. Bxd4 Qxd4 9. Qe2 Qxe4 10. Qxe4 Nxe4 11. O-O Rd8 12. Nc3 Nd2 13. Rfd1 Nxc4
14. Rxd8+ Kxd8 15. Rd1+ Kc8 16. Rd4 Nxb2 17. Nb5 c6 18. Nxa7+ Kb8 19. Rb4 Kxa7
20. Rxb2 e6 21. h3 Be7 22. Rb3 Rd8 23. Kh2 Bf6 24. Rf3 Be5+ 25. Kg1 Rd1# 0-1

[Event "Junior Online 4NCL Division 4"]
[Site "online"]
[Date "2020.10.15"]
[Round "5.165"]
[White "Popat, Imara"]
[Black "Payne, Luca"]
[Result "0-1"]
[WhiteElo "1285"]
[BlackElo "1007"]
[PlyCount "46"]
[EventDate "2020.10.15"]
[WhiteTeam "May The Fork Be With You 4"]
[BlackTeam "The Hall 3"]

1. e4 e5 2. Nf3 Nc6 3. Bc4 Bc5 4. d4 exd4 5. Ng5 Nh6 6. Qf3 O-O 7. Nh3 Ne5 8.
Qg3 Qf6 9. Bb3 Neg4 10. O-O d6 11. Bg5 Qg6 12. f4 d3+ 13. Nf2 Bxf2+ 14. Rxf2
Nxf2 15. Kxf2 Ng4+ 16. Kf1 Qxe4 17. Nd2 Qe2+ 18. Kg1 Qxd2 19. Re1 Bd7 20. cxd3
Rfe8 21. Rxe8+ Rxe8 22. f5 Qe1+ 23. Qxe1 Rxe1# 0-1

[Event "Junior Online 4NCL Division 4"]
[Site "online"]
[Date "2020.10.15"]
[Round "5.167"]
[White "Patel, Amya Hetal"]
[Black "Bahl, Arkin"]
[Result "1-0"]
[WhiteElo "1247"]
[BlackElo "1022"]
[PlyCount "43"]
[EventDate "2020.10.15"]
[WhiteTeam "May The Fork Be With You 4"]
[BlackTeam "The Hall 3"]

1. e4 e5 2. Nf3 Nc6 3. Nc3 Nf6 4. Bb5 a6 5. Bxc6 bxc6 6. Nxe5 Bd6 7. Nf3 Ng4 8.
O-O Qf6 9. h3 Nh6 10. e5 Qf4 11. exd6 Qxd6 12. Re1+ Kf8 13. d4 Nf5 14. Qe2 Qe6
15. Qd1 Qg6 16. Ne4 Nd6 17. Nxd6 cxd6 18. b3 d5 19. Ba3+ d6 20. Nh4 Qg5 21.
Bxd6+ Kg8 22. Re8# 1-0

[Event "Junior Online 4NCL Division 4"]
[Site "online"]
[Date "2020.10.15"]
[Round "5.168"]
[White "Litvin, Theo"]
[Black "Datta, Ishan"]
[Result "1-0"]
[WhiteElo "760"]
[BlackElo "1165"]
[PlyCount "181"]
[EventDate "2020.10.15"]
[WhiteTeam "The Hall 3"]
[BlackTeam "May The Fork Be With You 4"]

1. e4 c6 2. Bc4 d5 3. exd5 cxd5 4. Bd3 Nf6 5. Nf3 Nc6 6. O-O Bg4 7. Nc3 e5 8.
Re1 Nd4 9. Be2 Bxf3 10. Bxf3 Nxf3+ 11. Qxf3 Be7 12. Rxe5 Qd6 13. Rf5 h5 14.
Nxd5 Nxd5 15. Rxd5 Qc6 16. Rc5 Qxf3 17. gxf3 Bxc5 18. d3 O-O 19. Bd2 Rfe8 20.
b4 Bb6 21. c4 Bc7 22. Kh1 Re2 23. Be3 Be5 24. Rg1 Re8 25. Bxa7 Rxa2 26. Be3 Bc7
27. Rg5 Ra1+ 28. Kg2 f6 29. Rxh5 g6 30. Rh6 Kg7 31. Rh4 g5 32. Rg4 Kg6 33. h4
f5 34. Rxg5+ Kf6 35. Bd4+ Ke6 36. Bxa1 Bd8 37. Rg6+ Kf7 38. Rg7+ Kf8 39. h5 Re6
40. Kg3 Rh6 41. Rg5 Bxg5 42. f4 Rxh5 43. fxg5 Rxg5+ 44. Kf4 Rh5 45. d4 Rh2 46.
Kxf5 Rxf2+ 47. Ke5 Rc2 48. d5 Rxc4 49. b5 Rc1 50. Bd4 Rd1 51. Bc5+ Ke8 52. Ke6
Rc1 53. Bd4 Rd1 54. Bf6 Rb1 55. d6 Rd1 56. b6 Rd2 57. Bc3 Rd3 58. Be5 Rd1 59.
Kf6 Kd7 60. Kf5 Rd5 61. Ke4 Rb5 62. Kd4 Rxb6 63. Kc5 Ra6 64. Kb5 Ra8 65. Kb6
Rb8 66. Bg3 Kd8 67. Bf2 Kd7 68. Be1 Rd8 69. Bg3 Rg8 70. Bh2 Rg2 71. Bf4 Rf2 72.
Bg3 Rf3 73. Be5 Rb3+ 74. Kc5 Rb1 75. Kc4 b6 76. Kd5 b5 77. Kc5 b4 78. Kc4 b3
79. Kc3 b2 80. Kb3 Kd8 81. Ka2 Rd1 82. Kxb2 Rd2+ 83. Kc3 Re2 84. Kd4 Rd2+ 85.
Kc5 Ra2 86. Kc6 Rc2+ 87. Kd5 Re2 88. Ke6 Rd2 89. Bf6+ Ke8 90. Be7 Ra2 91. d7#
1-0

[Event "Junior Online 4NCL Division 4"]
[Site "online"]
[Date "2020.10.15"]
[Round "5.171"]
[White "O'Donnell, Elliot"]
[Black "Glynne, Jacob"]
[Result "1-0"]
[WhiteElo "1247"]
[BlackElo "800"]
[PlyCount "73"]
[EventDate "2020.10.15"]
[WhiteTeam "Barnet Knights D"]
[BlackTeam "Tetherdown Knights"]

1. d4 d6 2. Bf4 f6 3. Nf3 e5 4. dxe5 fxe5 5. Bg5 Be7 6. Bxe7 Qxe7 7. e3 Nf6 8.
Bc4 d5 9. Bxd5 Nxd5 10. Qxd5 Be6 11. Qxb7 Kf8 12. Qxa8 Qe8 13. Qe4 Qb5 14. b3
Qa5+ 15. c3 Bxb3 16. Qf5+ Bf7 17. Nxe5 Ke8 18. Qxf7+ Kd8 19. Qd7+ Nxd7 20. Nxd7
Kxd7 21. O-O h5 22. Rd1+ Ke7 23. Rc1 Rh6 24. Nd2 Rg6 25. Ne4 Qa4 26. Nd2 Qg4
27. g3 Rd6 28. Nc4 Rd7 29. Ne5 Qh3 30. Nxd7 Qxd7 31. Rd1 Qh3 32. Rab1 Qg4 33.
Rd4 Qd7 34. Rxd7+ Kxd7 35. Kg2 g5 36. Kf3 g4+ 37. Kf4 1-0

[Event "Junior Online 4NCL Division 4"]
[Site "online"]
[Date "2020.10.15"]
[Round "5.172"]
[White "Murphy, Sam"]
[Black "Gardner, Zac"]
[Result "1/2-1/2"]
[WhiteElo "857"]
[BlackElo "1217"]
[PlyCount "51"]
[EventDate "2020.10.15"]
[WhiteTeam "Tetherdown Knights"]
[BlackTeam "Barnet Knights D"]

1. d4 d5 2. c4 Nf6 3. Nc3 Bf5 4. Nf3 Nc6 5. e3 Nb4 6. Rb1 Bxb1 7. Qa4+ Nc6 8.
cxd5 Nxd5 9. Bb5 Nxc3 10. bxc3 Be4 11. c4 e6 12. Nd2 Bxg2 13. Rg1 Bh3 14. Bxc6+
bxc6 15. Qxc6+ Ke7 16. Ba3+ Kf6 17. Ne4+ Kf5 18. Rg5+ Qxg5 19. Nxg5 Kxg5 20.
Qb5+ Kf6 21. Qe5+ Kg6 22. Qg3+ Kf6 23. Qe5+ Kg6 24. Qg3+ Kf5 25. Qf4+ Kg6 26.
Qg3+ 1/2-1/2

[Event "Junior Online 4NCL Division 4"]
[Site "online"]
[Date "2020.10.15"]
[Round "5.173"]
[White "Perl, Joseph"]
[Black "Newsom, Thomas"]
[Result "0-1"]
[WhiteElo "1165"]
[BlackElo "800"]
[PlyCount "118"]
[EventDate "2020.10.15"]
[WhiteTeam "Barnet Knights D"]
[BlackTeam "Tetherdown Knights"]

1. Nf3 Nc6 2. g3 e5 3. d3 Bb4+ 4. c3 Bc5 5. e3 d5 6. d4 exd4 7. exd4 Bd6 8.
Qe2+ Nce7 9. Ne5 Nf6 10. Bg5 h6 11. Bxf6 gxf6 12. Ng4 f5 13. Nf6+ Kf8 14. Nxd5
Nxd5 15. Qc4 Be6 16. Qe2 f4 17. c4 Nb4 18. gxf4 Bxf4 19. a3 Nc6 20. d5 Bxd5 21.
cxd5 Qxd5 22. Nc3 Qxh1 23. Rd1 Re8 24. Qxe8+ Kxe8 25. Nd5 Qxh2 26. Nf6+ Kf8 27.
Bb5 a6 28. Bxc6 bxc6 29. Nd7+ Ke7 30. Nc5 Bg3 31. fxg3 Qxg3+ 32. Kf1 Rg8 33.
Ke2 Qg2+ 34. Kd3 Qf3+ 35. Kd2 Rg2+ 36. Kc1 Qf4+ 37. Kb1 Qe3 38. Nxa6 Rg1 39.
Rxg1 Qxg1+ 40. Ka2 h5 41. Nxc7 h4 42. Na6 h3 43. Nb4 c5 44. Nd5+ Kd6 45. Nf4 h2
46. Nh3 Qg2 47. Nf4 Qf3 48. Nh3 Qxh3 49. a4 h1=Q 50. a5 Qd5+ 51. Kb1 Qhh1+ 52.
Kc2 Qhg2+ 53. Kb1 Qd1+ 54. Ka2 Qa4+ 55. Kb1 Qxa5 56. Kc1 Qg1+ 57. Kc2 Qg2+ 58.
Kb1 Qgd2 59. b3 Qaa2# 0-1

[Event "Junior Online 4NCL Division 4"]
[Site "online"]
[Date "2020.10.15"]
[Round "5.174"]
[White "Keane, Moss"]
[Black "Allen, Sonny"]
[Result "0-1"]
[WhiteElo "737"]
[BlackElo "1142"]
[PlyCount "34"]
[EventDate "2020.10.15"]
[WhiteTeam "Tetherdown Knights"]
[BlackTeam "Barnet Knights D"]

1. e4 e5 2. Nf3 Nc6 3. Nc3 Nf6 4. Bc4 Bb4 5. a3 Bxc3 6. bxc3 d6 7. d4 O-O 8.
dxe5 Nxe5 9. Nxe5 dxe5 10. Qxd8 Rxd8 11. Bg5 a6 12. O-O b5 13. Rfd1 Bg4 14. Rd2
Rxd2 15. Bxd2 Rd8 16. Bg5 bxc4 17. Rd1 Rxd1# 0-1

[Event "Junior Online 4NCL Division 4"]
[Site "online"]
[Date "2020.10.15"]
[Round "5.175"]
[White "Glynne, Jacob"]
[Black "O'Donnell, Elliot"]
[Result "0-1"]
[WhiteElo "800"]
[BlackElo "1247"]
[PlyCount "102"]
[EventDate "2020.10.15"]
[WhiteTeam "Tetherdown Knights"]
[BlackTeam "Barnet Knights D"]

1. e4 c5 2. Bc4 Nc6 3. Qh5 e6 4. f4 Nf6 5. Qh4 Nxe4 6. Qxd8+ Nxd8 7. d3 Nd6 8.
Be3 Nxc4 9. dxc4 Nc6 10. Na3 a6 11. O-O-O Be7 12. c3 O-O 13. b4 cxb4 14. cxb4
Nxb4 15. Nb1 Nxa2+ 16. Kb2 Nb4 17. Nd2 Bf6+ 18. Kc1 Nd3+ 19. Kc2 Nb4+ 20. Kb3
Nc6 21. Ka2 b6 22. c5 b5 23. Ngf3 Bb7 24. Ne1 Nd4 25. Rf1 Bxg2 26. Nxg2 Rfc8
27. Ne4 Nc6 28. Nxf6+ gxf6 29. Nh4 Kf8 30. f5 Ke7 31. fxe6 fxe6 32. Nf3 Rg8 33.
Bh6 Rg6 34. Bc1 Rg2+ 35. Bd2 a5 36. Rg1 Rag8 37. Rxg2 Rxg2 38. Nh4 Rxh2 39. Nf3
Rf2 40. Nh4 Ne5 41. Kb1 Nc4 42. Bc3 Na3+ 43. Ka1 Nc2+ 44. Kb2 Ne3+ 45. Rd2 Nc4+
46. Kc2 Nxd2 47. Bxd2 b4 48. Kc1 e5 49. Be3 Rh2 50. Nf3 Rh3 51. Bg1 Rxf3 0-1

[Event "Junior Online 4NCL Division 4"]
[Site "online"]
[Date "2020.10.15"]
[Round "5.176"]
[White "Gardner, Zac"]
[Black "Murphy, Sam"]
[Result "0-1"]
[WhiteElo "1217"]
[BlackElo "857"]
[PlyCount "80"]
[EventDate "2020.10.15"]
[WhiteTeam "Barnet Knights D"]
[BlackTeam "Tetherdown Knights"]

1. e4 e5 2. Nf3 Nc6 3. Bc4 Bc5 4. d3 Nf6 5. Nc3 O-O 6. Bg5 h6 7. Bh4 Be7 8. Bd5
Nxd5 9. Nxd5 Bxh4 10. O-O Be7 11. Nxe7+ Qxe7 12. b3 d6 13. c4 Bg4 14. h3 Bh5
15. Re1 Nd4 16. Re3 Nxf3+ 17. gxf3 Qg5+ 18. Kf1 Qh4 19. Ke2 Qxh3 20. Qc2 Qe6
21. Rg1 Bg6 22. Kd2 Qf6 23. Ree1 Qf4+ 24. Ke2 Bh5 25. Rg3 Bg6 26. Rg4 Qf6 27.
Reg1 Rfe8 28. Ke3 Rac8 29. R1g2 Rcd8 30. Qd1 c6 31. Qg1 Re6 32. d4 exd4+ 33.
Kd3 d5 34. cxd5 cxd5 35. Kd2 Rc8 36. exd5 Rd6 37. f4 Rc3 38. f5 Qxf5 39. Ke2
Qd3+ 40. Ke1 Rc1# 0-1

[Event "Junior Online 4NCL Division 4"]
[Site "online"]
[Date "2020.10.15"]
[Round "5.177"]
[White "Newsom, Thomas"]
[Black "Perl, Joseph"]
[Result "0-1"]
[WhiteElo "800"]
[BlackElo "1165"]
[PlyCount "32"]
[EventDate "2020.10.15"]
[WhiteTeam "Tetherdown Knights"]
[BlackTeam "Barnet Knights D"]

1. e4 e6 2. Nc3 d5 3. exd5 exd5 4. Bb5+ c6 5. Ba4 Qe7+ 6. Nge2 b5 7. Bxb5 cxb5
8. Nxb5 Ba6 9. Nbd4 Qc5 10. Nf5 g6 11. Ng7+ Bxg7 12. O-O Qe7 13. Nd4 Bxf1 14.
Qxf1 Bxd4 15. Qb5+ Kf8 16. Qxd5 Qe1# 0-1

[Event "Junior Online 4NCL Division 4"]
[Site "online"]
[Date "2020.10.15"]
[Round "5.178"]
[White "Allen, Sonny"]
[Black "Keane, Moss"]
[Result "0-1"]
[WhiteElo "1142"]
[BlackElo "737"]
[PlyCount "96"]
[EventDate "2020.10.15"]
[WhiteTeam "Barnet Knights D"]
[BlackTeam "Tetherdown Knights"]

1. e4 e5 2. Nf3 Nc6 3. Nc3 Nf6 4. Bb5 d5 5. Bxc6+ bxc6 6. exd5 cxd5 7. d3 d4 8.
Ne4 Nxe4 9. dxe4 Bb4+ 10. Bd2 Bxd2+ 11. Qxd2 O-O 12. O-O Qf6 13. c3 Qg6 14. g3
dxc3 15. Qxc3 Bh3 16. Rfd1 Qxe4 17. Rd7 Rfd8 18. Rxc7 Rd3 19. Qc5 Qxf3 20. Rc8+
Rxc8 21. Qxc8+ Bxc8 22. Rc1 Rd1+ 23. Rxd1 Qxd1+ 24. Kg2 Qd5+ 25. Kg1 Bh3 26. f3
Qd1+ 27. Kf2 Qd4+ 28. Ke2 e4 29. fxe4 Qxe4+ 30. Kd2 Kf8 31. g4 Bxg4 32. h3 Bxh3
33. b4 Qxb4+ 34. Ke3 Ke7 35. a4 Ke6 36. a5 Ke5 37. a6 Bc8 38. Kd3 Qf4 39. Kc3
Qe4 40. Kb3 Qd4 41. Kc2 Ke4 42. Kb3 Kd5 43. Kc2 Qe3 44. Kb2 Qd3 45. Ka2 Qc3 46.
Kb1 Qd2 47. Ka1 Kc4 48. Kb1 Kb3 0-1

[Event "Junior Online 4NCL Division 4"]
[Site "online"]
[Date "2020.10.15"]
[Round "5.181"]
[White "Toth, Nandor"]
[Black "Bogerd, Ethan"]
[Result "1-0"]
[WhiteElo "1172"]
[BlackElo "1187"]
[PlyCount "83"]
[EventDate "2020.10.15"]
[WhiteTeam "St James Primary"]
[BlackTeam "Surbiton Juniors D"]

1. e4 c6 2. d4 d5 3. exd5 cxd5 4. Nf3 Bf5 5. Nc3 Nc6 6. Bb5 a6 7. Bxc6+ bxc6 8.
O-O h6 9. Bf4 e6 10. Ne5 Rc8 11. a3 Bd6 12. Re1 Ne7 13. h3 O-O 14. Qe2 Ng6 15.
Nxg6 Bxg6 16. Bxd6 Qxd6 17. Rac1 Rb8 18. b4 Rb7 19. Qxa6 Rfb8 20. Na4 Qc7 21.
Nc5 Rb6 22. Qe2 Kh7 23. Qe5 Qxe5 24. dxe5 Rd8 25. c3 Bf5 26. a4 Rbb8 27. g4 Be4
28. Nxe4 dxe4 29. Rxe4 Rbc8 30. Rd4 Kg6 31. h4 h5 32. Rcd1 Re8 33. gxh5+ Kxh5
34. R1d3 Kg6 35. Rg3+ Kf5 36. Re3 Kg6 37. Kg2 Kh5 38. Rg3 Kh6 39. Kf3 g6 40.
Kf4 Kh5 41. Rg2 Kxh4 42. Rh2# 1-0

[Event "Junior Online 4NCL Division 4"]
[Site "online"]
[Date "2020.10.15"]
[Round "5.182"]
[White "Bredenoord, Conrad"]
[Black "Crichton, Finlay"]
[Result "0-1"]
[WhiteElo "1105"]
[BlackElo "1105"]
[PlyCount "90"]
[EventDate "2020.10.15"]
[WhiteTeam "Surbiton Juniors D"]
[BlackTeam "St James Primary"]

1. e4 e5 2. Nf3 Nc6 3. Bc4 Bc5 4. Nc3 Nf6 5. Bb5 d6 6. Bxc6+ bxc6 7. d4 exd4 8.
Nxd4 Bxd4 9. Qxd4 c5 10. Qa4+ Bd7 11. Qc4 O-O 12. O-O Bc6 13. Bg5 h6 14. Bxf6
Qxf6 15. Nd5 Bxd5 16. Qxd5 Qxb2 17. Rab1 Qxc2 18. Qb3 Qxe4 19. Rbe1 Qb4 20.
Qxb4 cxb4 21. Rb1 c5 22. Rfd1 Rad8 23. a4 bxa3 24. Ra1 Ra8 25. Rxa3 Rfd8 26.
Ra6 d5 27. Ra5 c4 28. Rdxd5 Rxd5 29. Rxd5 c3 30. Rc5 a5 31. Rxc3 Kf8 32. Kf1
Ke7 33. Ke2 Kd6 34. Kd3 a4 35. Ra3 Kc5 36. Kc3 Kb5 37. f4 f5 38. Ra1 Rc8+ 39.
Kd4 Kb4 40. Ke5 g6 41. h4 a3 42. Kd4 Kb3 43. Rd1 a2 44. Rd3+ Kb2 45. Rd2+ Rc2
0-1

[Event "Junior Online 4NCL Division 4"]
[Site "online"]
[Date "2020.10.15"]
[Round "5.183"]
[White "James, Arjun"]
[Black "Rabie, Jamie"]
[Result "1/2-1/2"]
[WhiteElo "962"]
[BlackElo "1112"]
[PlyCount "80"]
[EventDate "2020.10.15"]
[WhiteTeam "St James Primary"]
[BlackTeam "Surbiton Juniors D"]

1. e4 e5 2. Nf3 Nc6 3. d4 Qe7 4. d5 Nb4 5. c3 Na6 6. Bg5 f6 7. Be3 b6 8. Bd3
Bb7 9. O-O O-O-O 10. Na3 Nh6 11. Nb5 Kb8 12. Nh4 Ng4 13. Qxg4 g5 14. Nf5 Qf7
15. a4 Bc5 16. Bxc5 Nxc5 17. Bc4 Nxa4 18. Rac1 Nxb2 19. Bb3 Nd3 20. Rcd1 Nc5
21. Bc4 Ba6 22. d6 c6 23. Rb1 cxb5 24. Bxb5 Qa2 25. Bxa6 Nxa6 26. Nh6 Nc5 27.
Nf7 Qxf7 28. Ra1 Nb3 29. Ra3 Nd2 30. Rfa1 Qc4 31. Rxa7 Rhf8 32. h3 Qxc3 33.
R1a2 Qc1+ 34. Kh2 Nf1+ 35. Kg1 Nd2+ 36. Kh2 Nf1+ 37. Kh1 Nd2+ 38. Kh2 Nf1+ 39.
Kh1 Nd2+ 40. Kh2 Nf1+ 1/2-1/2

[Event "Junior Online 4NCL Division 4"]
[Site "online"]
[Date "2020.10.15"]
[Round "5.184"]
[White "Devesher, Ishaan"]
[Black "Tang, Ismini"]
[Result "0-1"]
[WhiteElo "1037"]
[BlackElo "800"]
[PlyCount "72"]
[EventDate "2020.10.15"]
[WhiteTeam "Surbiton Juniors D"]
[BlackTeam "St James Primary"]

1. e4 e5 2. Nf3 Nc6 3. Nc3 Nf6 4. Bc4 h6 5. d3 Bc5 6. h3 d6 7. Bd2 Be6 8. Bxe6
fxe6 9. Kf1 d5 10. exd5 exd5 11. Qe2 Qe7 12. Ke1 O-O-O 13. h4 a6 14. Rh3 Rhe8
15. Kd1 e4 16. dxe4 dxe4 17. Nh2 Rxd2+ 18. Qxd2 Rd8 19. Rd3 exd3 20. cxd3 Nb4
21. Qe2 Rxd3+ 22. Ke1 Nc2+ 23. Kf1 Qxe2+ 24. Kxe2 Rd6 25. Rc1 Nd4+ 26. Kd3 b6
27. Ke3 Nb3+ 28. Kf4 Nxc1 29. Ke5 Nd3+ 30. Kf5 Nxf2 31. Nf3 Nd3 32. Kg6 Rd7 33.
Na4 Nf4+ 34. Kf5 Nxg2 35. Ne5 Nxh4+ 36. Ke6 Re7# 0-1

[Event "Junior Online 4NCL Division 4"]
[Site "online"]
[Date "2020.10.15"]
[Round "5.185"]
[White "Bogerd, Ethan"]
[Black "Toth, Nandor"]
[Result "0-1"]
[WhiteElo "1187"]
[BlackElo "1172"]
[PlyCount "78"]
[EventDate "2020.10.15"]
[WhiteTeam "Surbiton Juniors D"]
[BlackTeam "St James Primary"]

1. d4 d5 2. Bf4 Nf6 3. Nc3 Bf5 4. Nb5 a6 5. Nxc7+ Kd7 6. Nxa8 Nc6 7. Nc7 Nb4 8.
Rc1 e6 9. e3 Bd6 10. Nxd5 Nfxd5 11. Bxd6 Kxd6 12. Nf3 Qc7 13. c4 Nxa2 14. c5+
Ke7 15. Ra1 Nab4 16. Kd2 b6 17. cxb6 Qxb6 18. Qc1 Rd8 19. Qc4 e5 20. Nxe5 f6
21. Nf3 Rc8 22. Qb3 Rc2+ 23. Kd1 Rxf2 24. Rc1 Bc2+ 25. Rxc2 Rxc2 26. e4 Nf4 27.
g3 Nfd3 28. Bxd3 Rc6 29. d5 Rd6 30. Nd2 Nxd3 31. Nc4 Qxb3+ 32. Kd2 Qxc4 33. Ke3
Rb6 34. Rd1 Rb3 35. Ke2 Nxb2+ 36. Ke1 Nxd1 37. Kxd1 Rb2 38. Ke1 Qa2 39. Kd1
Qa1# 0-1

[Event "Junior Online 4NCL Division 4"]
[Site "online"]
[Date "2020.10.15"]
[Round "5.186"]
[White "Crichton, Finlay"]
[Black "Bredenoord, Conrad"]
[Result "1-0"]
[WhiteElo "1105"]
[BlackElo "1105"]
[PlyCount "45"]
[EventDate "2020.10.15"]
[WhiteTeam "St James Primary"]
[BlackTeam "Surbiton Juniors D"]

1. e4 e5 2. Nf3 Nc6 3. Nc3 Nf6 4. Bb5 Nd4 5. Nxe5 Nxb5 6. Nxb5 Nxe4 7. Qf3 Ng5
8. Qe3 Qe7 9. Nd3 Qxe3+ 10. dxe3 Bd6 11. Nxd6+ cxd6 12. O-O O-O 13. Re1 b6 14.
e4 Bb7 15. Bxg5 Rae8 16. f3 f5 17. exf5 Rxe1+ 18. Rxe1 Rxf5 19. Bh4 Rf8 20. Be7
Rf7 21. Bxd6 Bd5 22. Re8+ Rf8 23. Rxf8# 1-0

[Event "Junior Online 4NCL Division 4"]
[Site "online"]
[Date "2020.10.15"]
[Round "5.187"]
[White "Rabie, Jamie"]
[Black "James, Arjun"]
[Result "0-1"]
[WhiteElo "1112"]
[BlackElo "962"]
[PlyCount "44"]
[EventDate "2020.10.15"]
[WhiteTeam "Surbiton Juniors D"]
[BlackTeam "St James Primary"]

1. e4 c5 2. Nf3 Nc6 3. Bb5 e6 4. O-O Nge7 5. d3 a6 6. Bc4 b5 7. Bb3 Ng6 8. Nc3
Be7 9. Bf4 Nxf4 10. g3 Ng6 11. Qd2 O-O 12. Rad1 Bb7 13. Rfe1 f5 14. Kg2 Qc7 15.
h4 Nd4 16. Nxd4 cxd4 17. Ne2 fxe4 18. dxe4 Nxh4+ 19. gxh4 Bxe4+ 20. Kf1 Rxf2+
21. Kxf2 Qh2+ 22. Kf1 Qg2# 0-1

[Event "Junior Online 4NCL Division 4"]
[Site "online"]
[Date "2020.10.15"]
[Round "5.188"]
[White "Tang, Ismini"]
[Black "Devesher, Ishaan"]
[Result "1-0"]
[WhiteElo "800"]
[BlackElo "1037"]
[PlyCount "39"]
[EventDate "2020.10.15"]
[WhiteTeam "St James Primary"]
[BlackTeam "Surbiton Juniors D"]

1. d4 e6 2. Nf3 Nc6 3. e4 Nf6 4. Nc3 d5 5. exd5 exd5 6. Bg5 Be7 7. Bb5 Bd7 8.
O-O O-O 9. Re1 Bd6 10. Nxd5 Be7 11. Bxc6 bxc6 12. Nxe7+ Kh8 13. Qd3 Re8 14. Nf5
Rxe1+ 15. Rxe1 Qc8 16. Ne7 Qb7 17. Ne5 Rf8 18. Bxf6 gxf6 19. Qf3 fxe5 20. Qf6#
1-0

[Event "Junior Online 4NCL Division 4"]
[Site "online"]
[Date "2020.10.15"]
[Round "5.191"]
[White "Spitz, Danny"]
[Black "Rowland, Benjamin"]
[Result "0-1"]
[WhiteElo "900"]
[BlackElo "1142"]
[PlyCount "116"]
[EventDate "2020.10.15"]
[WhiteTeam "Coldfall Bishops"]
[BlackTeam "Barnet Knights E"]

1. e4 c5 2. Nf3 d6 3. Bc4 Nf6 4. Nc3 g6 5. Ng5 e6 6. d4 d5 7. Bb5+ Bd7 8. Bxd7+
Qxd7 9. e5 Nh5 10. Be3 c4 11. O-O Be7 12. Nf3 O-O 13. b3 b5 14. bxc4 bxc4 15.
Bh6 Ng7 16. Rb1 Nc6 17. Rb2 Bb4 18. Qd2 Rab8 19. Rfb1 a5 20. a4 Rfe8 21. Bxg7
Kxg7 22. Qe3 Qa7 23. Na2 Be7 24. Rxb8 Rxb8 25. Rxb8 Qxb8 26. Nc1 h6 27. g3 Qb2
28. c3 Ba3 29. Ne2 Qb3 30. Qf4 Qd1+ 31. Kg2 Qxe2 32. Qf6+ Kh7 33. Qxf7+ Kh8 34.
Qe8+ Kg7 35. Qxc6 Qc2 36. Qxe6 Qxa4 37. Qxd5 Bb2 38. Qb7+ Kf8 39. Qxb2 Ke7 40.
d5 Qd7 41. d6+ Ke6 42. Qe2 a4 43. Qxc4+ Kf5 44. Qg4+ Kxg4 45. h3+ Kf5 46. g4+
Ke6 47. Nd4+ Kxe5 48. Nf3+ Kxd6 49. Nd4 a3 50. Nf3 a2 51. Nd4 a1=Q 52. Nf3 Qa8
53. Kg3 h5 54. gxh5 gxh5 55. Kh4 Qxf3 56. Kg5 Qg7+ 57. Kh4 Qf4+ 58. Kxh5 Qgg5#
0-1